000 00956nam a2200253Ia 4500
003 OSt
005 20220923215740.0
006 a|||||r|||| 00| 0
007 ta
008 220922b |||||||| |||| 00| 0 hin d
024 _a181,465
037 _cTextual
040 _aARTS
_cARTS
_bhin
041 _2hin
_ahin
082 _aO152,1:gN, M4
100 _aसाहनी, भगवान लाल
245 0 _aआधुनिक हिन्दी प्रबन्ध काव्यों का रसशास्त्रीय विवेचन
246 _aĀdhunik hindī prabandha kāvyoan kā rasashāstrīya vivechana
260 _aमुजफफरपुर
_b सर्वादय वांगमय
_c1984
300 _a381पृ.
_ccm.
650 _aहिन्दी साहित्य
_9156264
942 _hO152,1:gN, M4
_cTEXL
_2CC
999 _c334842
_d334842